Southville International School and Colleges
Your cart is empty.
  • Cart
  • Lists
    Public lists Eva Luna New books Lux_list list_1
    Your lists Log in to create your own lists
  • Log in to your account
  • Your cookies
  • Search history
Southville International School and Colleges
  • Advanced search
  • Recent comments
  • Most popular
  • Libraries

Log in to your account

Log in with GOOGLE


If you do not have an external account, but do have a local account, you can still log in:

  1. Home
  2. MARC view: Heart sense :
Normal view MARC view ISBD view

Heart sense : (Record no. 288225)

[ view plain ]
MARC details
000 -LEADER
fixed length control field 00534nam a2200157Ia 4500
008 - FIXED-LENGTH DATA ELEMENTS--GENERAL INFORMATION
fixed length control field 150610s9999 xx 000 0 und d
020 ## - INTERNATIONAL STANDARD BOOK NUMBER
International Standard Book Number 9789718984130 
050 ## - LIBRARY OF CONGRESS CALL NUMBER
Classification number BR 455
Item number .T161 2006 
100 ## - MAIN ENTRY--PERSONAL NAME
Personal name Tan, Earnest L. 
245 ## - TITLE STATEMENT
Title Heart sense :
Remainder of title your guide to emotional wellness / 
Statement of responsibility, etc by Earnest L. Tan .
260 ## - PUBLICATION, DISTRIBUTION, ETC. (IMPRINT)
Place of publication, distribution, etc Quezon City :
Name of publisher, distributor, etc Spiritus Works Pub.,
Date of publication, distribution, etc 2006.
300 ## - PHYSICAL DESCRIPTION
Extent 233pages :
Other physical details illustrations ;
Dimensions 23 cm.
520 ## - SUMMARY, ETC.
Summary, etc Emotions. 
650 ## - SUBJECT ADDED ENTRY--TOPICAL TERM
Topical term or geographic name as entry element Religious aspects--Christianity
General subdivision Emotions.
650 ## - SUBJECT ADDED ENTRY--TOPICAL TERM
General subdivision Christian life.
Holdings
Withdrawn status Lost status Damaged status Home library Current library Shelving location Date acquired Total Checkouts Full call number Barcode Date last seen Price effective from Koha item type
      Stonyhurst Southville International School (Batangas) Stonyhurst Southville International School (Batangas) High School Section 06/10/2015   BR 455 .T161 2006  US-1067 06/10/2015 06/10/2015 Books

Heart sense :

APA

Tan E. L., . (2006). Heart sense. Quezon City: Spiritus Works Pub.

Chicago

Tan Earnest L, . 2006. Heart sense. Quezon City: Spiritus Works Pub.

Harvard

Tan E. L., . (2006). Heart sense. Quezon City: Spiritus Works Pub.

MLA

Tan Earnest L, . Heart sense. Quezon City: Spiritus Works Pub. 2006.

  • Place hold
  • Print
  • Cite
  • Add to your cart (remove)
  • Save record
    BIBTEX Dublin Core MARCXML MARC (non-Unicode/MARC-8) MARC (Unicode/UTF-8) MARC (Unicode/UTF-8, Standard) MODS (XML) RIS
  • More searches
    Search for this title in:
    Other Libraries (WorldCat) Other Databases (Google Scholar) Online Stores (Bookfinder.com) Open Library (openlibrary.org)

Exporting to Dublin Core...

SOUTHVILLE LIBRARY

Southville International School and Colleges Library

1281 Tropical Ave. Cor. Luxembourg St., BF Homes International, Las Pinas City

Tel. No. 8256374 / 252358 Loc. 117/146

Powered by Koha